Datum a čas kvízu
32
Celkem bodů
Celkový počet nahraných bodů na tomto kvízu bez doplňovacích otázek.
5.
Pořadí na kvízu
Konečné umístění týmu na tomto kvízu.
Zaznamenané odpovědi
| # | Otázka | Odpověď | Body | Výsledky |
|---|---|---|---|---|
| 1. | Minulý týden přijel do České r... | Viktor Orbán | 1 | |
| 2. | Francouzský prezident Emmanuel... | na vodním skútru | 0 | |
| 3. | Český rozhlas spustil minulý t... | Pohoda | 0 | |
| 4. | Minulý čtvrtek byla po ročním... | v Dubaji | 0 | |
| 5. | Osm zápasů a dost. Hokejová ex... | ve Zlíně | 0 | |
| 6. | Pojďme se podívat na leváky, k... | B | 1 | |
| 7. | Naše levoruká tenistka a dvojn... | Bílovec | 0 | |
| 8. | Obyvatelé arktických oblastí U... | Inuité | 1 | |
| 9. | Dabér Jaromír Meduna propůjčil... | Levák Bob | 1 | |
| 10. | Levákem byl i slavný vojevůdce... | na Korsice | 1 |